| 000 | 01199cab a2200349 4500 | ||
|---|---|---|---|
| 001 | ABS51669 | ||
| 008 | 090401t1994 xxu||||| |||| 00| 0 eng d | ||
| 035 | _a(Sirsi) u38645 | ||
| 041 | _aeng | ||
| 100 | _aHutton, D. | ||
| 245 | _aPSA/1: worthy offspring of GC Works? | ||
| 260 | _c1994 | ||
| 350 | _a0 | ||
| 490 |
_aCivil Engineering Surveyor _v19(9) November 1994, 25-26(2) |
||
| 520 | _aReviews PSA/1, finding that further revision would be required for it to become as well used as GC Works. Particularly criticises areas of payment, adjudication and set off. | ||
| 650 | _aMANAGEMENT-DISPUTE AVOIDANCE, MANAGEMENT AND RESOLUTION-DISPUTE MANAGEMENT AND RESOLUTION-ALTERNATIVE DISPUTE RESOLUTION-ADJUDICATION | ||
| 650 | _aBUILT ENVIRONMENT-BUILDING CONTRACT FORMS | ||
| 650 | _aDESIGN | ||
| 650 | _aEXTENSIONS OF TIME | ||
| 650 | _aGC/WORKS/1 | ||
| 650 | _aLATHAM REFORMS | ||
| 650 | _aLOSS | ||
| 650 | _aNEC | ||
| 650 | _aNEW ENGINEERING CONTRACT | ||
| 650 | _aPAYMENT | ||
| 650 | _aPROGRAMME | ||
| 650 | _aPROGRESS MEETINGS | ||
| 650 | _aPSA/1 WITH QUANITITES 1994 | ||
| 690 | _aBUILT ENVIRONMENT-BUILDING CONTRACT FORMS | ||
| 942 | _n0 | ||
| 948 | _c04/03/1997 | ||
| 999 |
_c24830 _d24830 |
||